| 000 | 00601nam a22001937a 4500 | ||
|---|---|---|---|
| 005 | 20251108172239.0 | ||
| 008 | 250721s1990 xx 000 0 ara d | ||
| 082 | 1 | 4 | _a811.709/جاد |
| 100 | 1 | _aجاد الرب، إبراهيم | |
| 245 | 1 | 0 | _aإبن مكانس و الشعر في عصر المماليك / |
| 264 | 1 |
_aالقاهرة : _bجامعة القاهرة، _c1990. |
|
| 300 | _a365ص | ||
| 650 | 1 | 7 | _aالشعر العربي |
| 650 | 1 | 7 | _aالعصر المماليك |
| 650 | 1 | 7 | _aالنقد الأدبي |
| 650 | 1 | 7 | _aالشعراء العرب |
| 942 |
_2ddc _cBK |
||
| 999 |
_c74155 _d74155 |
||